|
|
|
|
| LEADER |
01205cam a22003253a 4500 |
| 001 |
7722 |
| 003 |
BD-DhAAL |
| 005 |
20150705102359.0 |
| 008 |
150705s1999 nyu 000 1 eng d |
| 010 |
|
|
|a 2002561954
|
| 020 |
|
|
|a 0786889667 (pbk.)
|
| 040 |
|
|
|a YVO
|c YVO
|d SLC
|d OCL
|d DLC
|d BD-DhAAL
|
| 050 |
0 |
0 |
|a CPB Box no. 1834 vol. 9
|
| 082 |
|
|
|2 20
|a 813/.54
|
| 100 |
1 |
|
|a Pearson, Ridley.
|9 12878
|
| 245 |
1 |
4 |
|a The first victim /
|c Ridley Pearson.
|
| 250 |
|
|
|a 1st mass market ed.
|
| 260 |
|
|
|a New York :
|b Hyperion,
|c c1999.
|
| 300 |
|
|
|a 417 p. ;
|c 18 cm.
|
| 541 |
|
|
|e 7722
|
| 650 |
|
0 |
|a Boldt, Lou (Fictitious character)
|v Fiction.
|9 12879
|
| 650 |
|
0 |
|a Matthews, Daphne (Fictitious character)
|v Fiction.
|9 12880
|
| 650 |
|
0 |
|a Women television journalists
|v Fiction.
|9 12881
|
| 650 |
|
0 |
|a Illegal aliens
|v Fiction.
|9 12882
|
| 651 |
|
0 |
|a Seattle (Wash.)
|v Fiction.
|9 6880
|
| 655 |
|
7 |
|a Mystery fiction.
|2 gsafd
|9 6244
|
| 710 |
2 |
|
|a Copyright Paperback Collection (Library of Congress)
|5 DLC
|9 12847
|
| 942 |
|
|
|2 ddc
|c BK
|
| 999 |
|
|
|c 34949
|d 34949
|
| 952 |
|
|
|0 0
|1 0
|2 ddc
|4 0
|6 813_540000000000000_PEA
|7 0
|9 54707
|a SCL
|b SCL
|c GEN
|d 2015-07-05
|e Gift
|l 4
|m 27
|o 813.54 PEA
|p 3020007722
|r 2019-07-24
|s 2019-05-23
|t 1
|w 2015-07-05
|y BK
|